Mathematics in western culture

Na minha lista:
Detalhes bibliográficos
Autor principal: Kline, Morris (Author)
Formato: Livro
Idioma:inglês
Publicado em: Londres Oxford University Press 1953
Assuntos:
Tags: Adicionar Tag
Sem tags, seja o primeiro a adicionar uma tag!

MARC

LEADER 00000nam a2200000 a 4500
001 UCP0328
003 CL-VaPUC
008 990305e19530000UK |||||||||||||||||eng|d
082 0 4 |a 510.9  |b KLI  |2 21 
100 |a Kline, Morris  |e author  |9 587392 
245 1 0 |a Mathematics in western culture 
300 |a 484 p 
942 |c BK 
945 |d 19990305 00:00:00  |a crobeson 
260 |a Londres  |b Oxford University Press  |c 1953 
650 7 |a HATEMATICAS  |2 CL-VaPUC  |9 425545 
650 0 |a Historia de las matemáticas   |9 265664 
650 7 |a GEOMETRIA EUCLIDEA  |2 CL-VaPUC  |9 359752 
650 0 |a Lógica  |9 256849 
650 0 |a Teoría de la relatividad   |9 266149 
583 |a last modification  |c 19990305 00:00:00  |k Rodrigo Vera 
999 |c 279153  |d 279151 
952 |0 0  |1 0  |4 0  |6 510_900000000000000_KLI_1953  |7 0  |8 A  |9 318075  |a BIBMAT  |b BIBMAT  |d 2019-11-20  |i 1323997  |o 510.9 KLI 1953  |p 1323997  |r 2025-01-07  |w 2019-11-20  |y BK  |k MAT